000 00535cam a2200193 4500
001 45384
090 _a45384
100 _a19900326d1945 m y0pory5003 ba
101 0 _apor
102 _aPT
200 1 _aA origem da vida
_fIlídio Sardoeira
210 9 _aLisboa
_cCosmos,
_dimp. 1945
215 _a210, [2] p.
_d19 cm
225 2 _aBiblioteca Cosmos
_v78-79
_h1.ª seccão.
_iCiências e técnicas
_v41-42
675 _a577.1
_vBN
_zpor
675 _a551.1
_vBN
_zpor
700 1 _aSardoeira,
_bIlídio,
_f1915-1987
801 0 _aPT
_bBN
_gRPC
990 _cLIVROS